Newcastle United Trivia - Statistics

General Stats
  • This quiz has been taken 1,493 times
    197 since last reset
  • The average score is 13 of 19
Answer Stats
Question Answer % Correct
What is Newcastle United's nickname? The {Magpies}
96%
Who is the current manager of Newcastle United? Eddie Howe
94%
Which Englishman is Newcastle United's record goalscorer with 206? Alan Shearer
92%
What is the name of Newcastle United's stadium? St James’ Park
92%
Who is Newcastle United's record signing, arriving from Real Sociedad for £63m in 2022? Alexander Isak
89%
Who is the current team captain of Newcastle United? Bruno Guimarães
88%
With which club does Newcastle United contest the Tyne-Wear Derby? Sunderland
88%
In which competition did Newcastle United lose 2-0 in consecutive finals in 1998 and 1999? FA Cup
80%
With which club does Newcastle United contest the Tyne-Tees Derby? Middlesbrough
71%
Who are Newcastle United's record sales, respectively joining Liverpool in 2011 and Nottingham Forest in 2024 for £35m? Andy Carroll
69%
Who are Newcastle United's record sales, respectively joining Liverpool in 2011 and Nottingham Forest in 2024 for £35m? Elliot Anderson
65%
What is the name of the businessman who owned Newcastle United from 2007 until 2021? Mike Ashley
63%
Which striker won the Premier League Golden Boot having scored 34 goals for newly-promoted Newcastle United in 1993/94? Andy Cole
62%
Who is the current club captain of Newcastle United? Jamaal Lascelles
62%
Which manager guided Newcastle United to their best finish in the Premier League? Kevin Keegan
59%
Who scored the 87th minute equaliser for Newcastle United as they came back from 4-0 down to draw 4-4 with Arsenal in 2011? Cheick Tioté
56%
Whose 49-year record did the above break in 2006? Jackie Milburn
36%
What is the name of the Newcastle United mascot? Monty the Magpie
26%
Which Scotsman Newcastle United's record appearance-maker with 496? Jimmy Lawrence
6%
No matching quizzes found
Score Distribution
Percent of People with Each Score
Percentile by Number Answered
Your Score History
You have not taken this quiz since the last reset